000 00641nam a22001937a 4500
999 _c170023
_d170023
005 20191210122949.0
010 _aA-318635
020 _cN.A.
_a-
035 _aA-318635
037 _bBPPD
082 _a230.2
100 _aمہا ر شی شيو بر ت لا ل و ر من
245 _aبا لميکی ر ا ما ين
_cمہا ر شی شيو بر ت لا ل و ر من
246 _aBalmiki Ramayan (Urdu)
_bby Maha Rishi Shiv Barat Lal Warman
260 _aPunjab
_c1988 ء
_bAzad Book Depot
270 _aHall Bazar,Amritsar
_bPunjab
_k-
_e-
300 _a280 ص
_c22 cm(hb)
942 _2ddc
_cUR
_h230.2
_mو ر م